| 000 | 02069cam a22004694i 4500 | ||
|---|---|---|---|
| 003 | PE-LiUPU | ||
| 005 | 20250731173406.0 | ||
| 008 | 150706s r 000 0 d | ||
| 020 | _a9780825414718 | ||
| 035 | _a(Sirsi) i9780825414718 | ||
| 040 |
_aPE-LiUPU _bspa _cPE-LiUPU _erda |
||
| 049 | _aPRUA | ||
| 082 | 0 | 4 |
_a220.601 _bM32 _221 |
| 100 | 1 |
_aMayhue, Richard, _eautor. |
|
| 245 | 1 | 0 |
_aCómo interpretar la Biblia uno mismo / _cRichard Mayhue. |
| 264 | 1 |
_aMichigan : _bPortavoz, _c1989. |
|
| 300 |
_a151 páginas : _bilustraciones ; _c21 cm. |
||
| 336 |
_atext _2rdacontent |
||
| 337 |
_aunmediated _2rdamedia |
||
| 338 |
_avolume _2rdacarrier |
||
| 505 | 0 | _aInterpretar con exactitud -- Estudiar para ser aprobado por Dios -- Herramientas para una interpretación exacta -- Interprete con exactitud por usted mismo -1 -- Interprete con exactitud por usted mismo -2 -- Evitar las desviaciones -- El contexto sin su contexto -- Adiciones a las escrituras -- Editores de la intención de Dios -- Modernizar la Biblia -- Así se tuercen las Escrituras -- Ultraliteralismo -- Interpretación a la inversa -- Sistematización excesiva -- Vivir lo que se interpreta -- La autoridad de la Biblia en su vida. | |
| 526 | _aSEG42 | ||
| 526 | _aSEG41 | ||
| 526 | _aSEG40 | ||
| 526 | _aSEG39 | ||
| 526 | _aP94 | ||
| 526 | _aP87 | ||
| 526 | _aP86 | ||
| 526 | _aP85 | ||
| 526 | _aP77 | ||
| 526 | _aP76 | ||
| 526 | _aP35 | ||
| 541 | _g001-001091; | ||
| 650 | 0 | 4 | _aHermenéutica bíblica. |
| 700 | 1 |
_aSánchez Araujo, Juan, _etr. |
|
| 910 |
_agl _bjv _clch _d20110818 |
||
| 942 |
_2ddc _cBOOK |
||
| 949 |
_a220.601 M32 _wDEWEY _c1 _i63301 _lCCODEBUL1 _mBUL _p10.00 _r0 _sY _tBOOK _u2015-7-6 _xTEOLOGIA _PP35 _o.STAFF. Colección General |
||
| 994 |
_aC0 _bPEPRU |
||
| 596 | _a1 | ||
| 999 |
_a220.601 M32 _wDEWEY _c52302 _i63301 _d52302 _e2018-4-9 _f2021-11-9 _g5 _lCCODEBUL1 _mBUL _n1 _p10.00 _q4 _r0 _sY _tBOOK _u2015-7-6 _xTEOLOGIA _PP35 _0COMPRA _o.STAFF. Colección General |
||
| 980 |
_81 _gALBERTO SANCHEZ Responsable de Automatización |
||